Statistiques concernant Animaux en "K"

Cliquez ici pour prendre le quiz!

Statistiques générales

  • Ce quiz a été pris 453 fois
    (347 depuis la dernière actualisation)
  • Le résultat moyen est 3 sur 6

Statistiques - réponses

Réponse% Correct
Koala
94%
Kangourou
90%
Kiwi
64%
Krill
14%
Kookaburra
10%
Koudou
10%

Distribution des résultats

Percentile par nombre de réponses

% des personnes avec chaque résultat

Votre développement - résultats

Vous n’avez pas pris ce quiz depuis la dernière actualisation